Statistiques concernant Pokémon commençant par P

Cliquez ici pour prendre le quiz!

Statistiques générales

  • Ce quiz a été pris 2 152 fois
    (249 depuis la dernière actualisation)
  • Le résultat moyen est 32 sur 79

Statistiques - réponses

Réponse% Correct
025Pikachu
90%
012Papilusion
75%
172Pichu
70%
136Pyroli
67%
484Palkia
61%
395Pingoléon
61%
077Ponyta
60%
046Paras
59%
394Prinplouf
58%
142Ptéra
57%
417Pachirisu
56%
047Parasect
55%
118Poissirène
54%
137Porygon
54%
119Poissoroy
53%
269Papinox
52%
021Piafabec
52%
474Porygon-Z
52%
060Ptitard
52%
233Porygon2
51%
311Posipi
50%
675Pandarbare
48%
054Psykokwak
48%
637Pyrax
48%
255Poussifeu
47%
666Prismillon
47%
674Pandespiègle
46%
414Papilord
46%
053Persian
46%
441Pijako
46%
470Phyllali
45%
440Ptiravi
44%
636Pyronille
44%
507Ponchien
41%
506Ponchiot
41%
231Phanpy
39%
274Pifeuil
39%
613Polarhume
39%
353Polichombr
39%
841Pomdrapi
39%
181Pharamp
38%
921Pohm
38%
204Pomdepik
38%
879Pachyradjah
37%
923Pohmarmotte
37%
922Pohmotte
37%
519Poichigeon
37%
665Pérégrain
36%
364Phogleur
36%
865Palarticho
35%
902Paragruel
35%
287Parecool
35%
614Polagriffe
35%
815Pyrobut
35%
677Psystigri
33%
489Phione
32%
732Piclairon
32%
906Poussacha
32%
741Plumeline
31%
1011Pomdramour
31%
573Pashmilla
30%
696Ptyranidur
30%
914Palmaval
29%
731Picassaut
29%
855Polthégeist
29%
661Passerouge
27%
710Pitrouille
26%
1019Pomdorochi
26%
1018Pondralugon
26%
748Prédastérie
25%
1025Pêchaminus
24%
1012Poltchageist
23%
852Poulpaf
21%
926Pâtachiot
18%
992Paume-de-Fer
18%
806Pierroteknik
18%
989Pelage-Sablé
13%
951Pimito
12%
974Piétacé
11%

Distribution des résultats

Percentile par nombre de réponses

% des personnes avec chaque résultat

Votre développement - résultats

Vous n’avez pas pris ce quiz depuis la dernière actualisation